THE FOUR PILLERS PARENTAL ENGAGEMENT : EMPOWERING SCHOOLS TO CONNECT BETTER WITH PARENTS AND PUPILS (Record no. 216716)
[ view plain ]
| 000 -LEADER | |
|---|---|
| fixed length control field | 00669nam a22001817a 4500 |
| 008 - FIXED-LENGTH DATA ELEMENTS--GENERAL INFORMATION | |
| fixed length control field | 260226b |||||||| |||| 00| 0 eng d |
| 020 ## - INTERNATIONAL STANDARD BOOK NUMBER | |
| International Standard Book Number | 978-178135395-0 |
| 050 ## - LIBRARY OF CONGRESS CALL NUMBER | |
| Classification number | LC 226.2 .R63 2021 |
| Item number | 1 |
| 100 ## - MAIN ENTRY--PERSONAL NAME | |
| Personal name | ROBBINS , JUSTINE |
| 245 ## - TITLE STATEMENT | |
| Title | THE FOUR PILLERS PARENTAL ENGAGEMENT : EMPOWERING SCHOOLS TO CONNECT BETTER WITH PARENTS AND PUPILS |
| 260 ## - PUBLICATION, DISTRIBUTION, ETC. | |
| Place of publication, distribution, etc. | BRITISH. |
| Name of publisher, distributor, etc. | INDIPENDENT THINKING PRESS. |
| Date of publication, distribution, etc. | 2021. |
| 300 ## - PHYSICAL DESCRIPTION | |
| Extent | XIV , 155P: ILL |
| 500 ## - GENERAL NOTE | |
| General note | INCLUIDES BIBLIOGRAPHY |
| 650 ## - SUBJECT ADDED ENTRY | |
| Topical term or geographic name entry element | THE FOUR PILLERS OF PARENTAL ENGAUGEMENT: EMPOWERING SCHOOLS TO CONNECT BETTER WITH PARENTS AND PUPILS |
| 700 ## - ADDED ENTRY--PERSONAL NAME | |
| Personal name | DEMPSTER, KAREN |
| 942 ## - ADDED ENTRY ELEMENTS (KOHA) | |
| Source of classification or shelving scheme | Library of Congress Classification |
| Koha item type | Long Loan Book |
| Withdrawn status | Lost status | Source of classification or shelving scheme | Damaged status | Not for loan | Collection | Home library | Current library | Shelving location | Date acquired | Inventory number | Total checkouts | Full call number | Barcode | Date last seen | Copy number | Price effective from | Koha item type |
|---|---|---|---|---|---|---|---|---|---|---|---|---|---|---|---|---|---|
| Library of Congress Classification | Arts & Social Sciences | Kisii University Library | Kisii University Library | On Display | 02/26/2026 | 111523 | LC 226.2 .R63 2021 | A000737 | 02/26/2026 | C.1 | 02/26/2026 | Long Loan Book | |||||
| Library of Congress Classification | Arts & Social Sciences | Kisii University Library | Kisii University Library | On Display | 02/26/2026 | 111524 | LC 226.2 .R63 2021 | A000740 | 02/26/2026 | C.2 | 02/26/2026 | Long Loan Book | |||||
| Library of Congress Classification | Arts & Social Sciences | Kisii University Library | Kisii University Library | On Display | 02/26/2026 | 111525 | LC 226.2 .R63 2021 | A000739 | 02/26/2026 | C.3 | 02/26/2026 | Long Loan Book | |||||
| Library of Congress Classification | Arts & Social Sciences | Kisii University Library | Kisii University Library | On Display | 02/26/2026 | 111526 | LC 226.2 .R63 2021 | A000742 | 02/26/2026 | C.4 | 02/26/2026 | Long Loan Book | |||||
| Library of Congress Classification | Arts & Social Sciences | Kisii University Library | Kisii University Library | On Display | 02/26/2026 | 111527 | LC 22.6 .R63 2021 | A000741 | 02/26/2026 | C.5 | 02/26/2026 | Long Loan Book |